000 00804nam a2200265Ia 4500
003 OSt
005 20220923212307.0
006 a|||||r|||| 00| 0
007 ta
008 220922b |||||||| |||| 00| 0 hin d
024 _a152,062
037 _cTextual
040 _aARTS
_cARTS
_bhin
041 _2hin
_ahin
082 _aO111,2J64,20, 152M2
100 _aशेक्सपियर
245 0 _aआथेलो
246 _aĀthelo
250 _aसंस्क: 3
260 _aनई दिल्ली
_b साहित्य अकादेमी
_c1982
300 _a120 पृ.
_ccm.
650 _aअंग्रेजी साहित्य
_9156276
942 _hO111,2J64,20, 152M2
_cTEXL
_2CC
999 _c307734
_d307734